Noches florentinas; Memorias del señor de Schnabelewopski / (Record no. 108002)

MARC details
000 -LEADER
campo de control de longitud fija 00781nam a2200217 i 4500
001 - NÚMERO DE CONTROL
campo de control 108002
003 - IDENTIFICADOR DE NÚMERO DE CONTROL
campo de control ES-MaACL
007 - CAMPO FIJO DE DESCRIPCIÓN FÍSICA--INFORMACIÓN GENERAL
campo de control de longitud fija t|
008 - DATOS DE LONGITUD FIJA--INFORMACIÓN GENERAL
campo de control de longitud fija 070109s1970 sp ||||1| spa d
080 ## - NÚMERO DE LA CLASIFICACIÓN DECIMAL UNIVERSAL
Número de la Clasificación Decimal Universal 83-32"18"
100 1# - ENTRADA PRINCIPAL--NOMBRE DE PERSONA
Nombre de persona Heine, Heinrich.
9 (RLIN) 62371
245 10 - MENCIÓN DEL TÍTULO
Título Noches florentinas; Memorias del señor de Schnabelewopski /
Mención de responsabilidad, etc. Heinrich Heine; prólogo de Carmen Bravo-Villasate.
260 ## - PUBLICACIÓN, DISTRIBUCIÓN, ETC.
Lugar de publicación, distribución, etc. Estella (Navarra) :
Nombre del editor, distribuidor, etc. Salvat,
Fecha de publicación, distribución, etc. 1970.
300 ## - DESCRIPCIÓN FÍSICA
Extensión 151 p. ;
Dimensiones 19 cm.
490 1# - MENCIÓN DE SERIE
Mención de serie Biblioteca básica Salvat de Libros RTV ;
Designación de volumen o secuencia 81
700 1# - ENTRADA AGREGADA--NOMBRE PERSONAL
Nombre de persona Bravo-Villasante, Carmen,
Fechas asociadas al nombre 1918-1994
9 (RLIN) 31507
740 0# - ENTRADA AGREGADA--TÍTULO RELACIONADO/ANALÍTICO NO CONTROLADO
Título relacionado o analítico no controlado Memorias del señor de Schnabelewopski.
830 00 - PUNTO DE ACCESO ADICIONAL DE SERIE-TÍTULO UNIFORME
Título uniforme Biblioteca básica Salvat de libros RTV
Designación de volumen o secuencia 81
9 (RLIN) 185398
852 ## - LOCALIZACIÓN
Ubicación ES-MaACL
Número de control de estantería E-3002
Sublocalización o colección R.69765
Holdings
Estatus retirado Estado de pérdida Estado de daño No para préstamo Biblioteca de origen Biblioteca actual Ubicación en estantería Fecha de adquisición Fuente de adquisición Total de préstamos Signatura topográfica completa Código de barras Visto por última vez Precio de reemplazo Tipo de ítem Koha
        Biblioteca del Ateneo de Madrid Biblioteca del Ateneo de Madrid Depósito 2 17/01/2008     E-3002 1112707 23/02/2023 23/02/2023 Libro impreso